Vyhledávání znalostí z dat a statistika
Metódy dolovania vedomostí z dát a data mining. Výklad pojmu data mining (DM). Problematika vyhľadávania vedomostí z dát. Dáta a ich príprava. Príklady aplikácie, riešených s využitím technológiou KDD - Knowledge discovery in database. Používanie DM a možné sociálne dopady KDD. Príklady rozdielov me...
Gespeichert in:
| 1. Verfasser: | |
|---|---|
| Format: | Buchkapitel |
| Sprache: | Tschechisch |
| Schlagworte: | |
| Tags: |
Keine Tags, Fügen Sie das erste Tag hinzu!
|
MARC
| LEADER | 00000naa$a2200000$$$4500 | ||
|---|---|---|---|
| 001 | 0003289 | ||
| 005 | 20231004104318.7 | ||
| 041 | 0 | |a cze | |
| 044 | |a CZ | ||
| 245 | 1 | 0 | |a Vyhledávání znalostí z dat a statistika |c aut. Hana Skalská |
| 520 | |a Metódy dolovania vedomostí z dát a data mining. Výklad pojmu data mining (DM). Problematika vyhľadávania vedomostí z dát. Dáta a ich príprava. Príklady aplikácie, riešených s využitím technológiou KDD - Knowledge discovery in database. Používanie DM a možné sociálne dopady KDD. Príklady rozdielov medzi štatistikou v DM a v technológiách KDD. | ||
| 610 | 2 | 0 | |a dolovanie dát |
| 610 | 2 | 0 | |a technológie informačné |
| 610 | 2 | 0 | |a metodológia |
| 610 | 2 | 0 | |a báza dát |
| 610 | 2 | 0 | |a analýza štatistická |
| 100 | 1 | |a Skalská, Hana | |